Personnages d'anime (manga) en images - O - Statistiques

Statistiques générales
  • Ce quiz a été pris 282 fois
  • Le résultat moyen est 5 sur 20
Statistiques - réponses
Par images Réponse % Correct
Obito Uchiha
85%
Olivier Mira Armstrong
69%
Ochako Uraraka
64%
Orihime Inoue
53%
Obanai Iguro
52%
Oolong
47%
Ozora Tsubasa
29%
Oars
23%
Osamu Miya
17%
Obelisk
9%
Olivia
7%
Orsted
4%
Otose
3%
Oberon
2%
Ouken
2%
Orga Itsuka
1%
Osushi-chan
1%
Otonoshin Koito
1%
Oshiri
0%
Ouriku
0%
Aucun quiz correspondant
Distribution des résultats
% des personnes avec chaque résultat
Percentile par nombre de réponses
Votre historique - résultats
Vous n’avez pas pris ce quiz